| 000 | 00829nam a2200253 a 4500 | ||
|---|---|---|---|
| 001 | 72081 | ||
| 003 | BD-RjUL | ||
| 005 | 20211209082217.0 | ||
| 008 | 170513s1980 wb a b 000 0 eng | ||
| 020 | _a0387100083 (U.S.) | ||
| 035 | _a(BD-RjUL)72297 | ||
| 040 |
_aLC _beng _cLC _dSFU _dBD-RjUL |
||
| 041 | _aeng | ||
| 082 | 0 | 4 |
_223 _a541.37 _bHEE 1980 |
| 100 | 1 |
_aHertz, Hermann Gerhard. _9213178 |
|
| 245 | 1 | 0 |
_aElectrochemistry : _ba reformulation of the basic principles / _cHermann Gerhard Hertz. |
| 260 |
_aBerlin ; _aNew York : _bSpringer-Verlag, _cc1980. |
||
| 300 |
_ax, 254 p. : _bill. ; _c25 cm. |
||
| 504 | _aIncludes bibliographical references. | ||
| 650 | 0 |
_aElectrochemistry. _9213180 |
|
| 830 |
_aLecture notes in chemistry ; _v17 _9213181 |
||
| 942 |
_2ddc _cBK |
||
| 999 |
_c72081 _d72081 |
||